| 000 | 00735nam a22002297a 4500 | ||
|---|---|---|---|
| 005 | 20230330105205.0 | ||
| 008 | 230224b ag ||||| |||| 00| 0 spa d | ||
| 020 | _a9879382447 | ||
| 050 | 0 | 4 |
_aKHA3012 _bA25 2005 |
| 100 | 1 | _aAbiad, Pablo | |
| 245 | 1 | 0 |
_aLibertad de expresión y honor, protección constitucional de la sátira política _c / Pablo Abiad. |
| 250 | _a1a ed. | ||
| 260 |
_aBuenos Aires : _bFabian J. Di Plácido Editor, _c2005 |
||
| 300 |
_a80 p. p. ; _c20 cm. |
||
| 490 | 0 |
_aOrden Jurídico-Penal ; _v17 |
|
| 504 | _aIncluye bibliografía | ||
| 650 | 7 |
_2lemb _aLibertad de expresión |
|
| 650 | 7 |
_2lemb _aDerecho constitucional |
|
| 650 | 4 |
_aPolítica _xSátira |
|
| 942 |
_2lcc _cLIB |
||
| 999 |
_c59480 _d59480 |
||